[Event "Kallithea op"]
[Site "Kallithea"]
[Date "2004.09.11"]
[Round "3"]
[White "Tsanas, Athanasios"]
[Black "Zamit, Spyridon"]
[Result "1-0"]
[WhiteElo "2283"]
[BlackElo "2144"]
[PlyCount "61"]
[EventDate "2004.09.09"]
[EventType "swiss"]
[EventRounds "9"]
[EventCountry "GRE"]
[SourceTitle "EXT 2006"]
[Source "ChessBase"]
[SourceDate "2005.11.24"]
[SourceVersion "1"]
[SourceVersionDate "2005.11.24"]
[SourceQuality "1"]

1. c4 e6 2. g3 d5 3. Bg2 Nf6 4. Nf3 c6 5. Qc2 Nbd7 6. 0-0 Be7 7. d4 0-0 8. Rd1 b6 9. b3 Bb7 10. Nc3 Rc8 11. e4 dxe4 12. Nxe4 Nxe4 13. Qxe4 Nf6 14. Qc2 Qc7 15. Bf4 Bd6 16. Bxd6 Qxd6 17. c5 Qc7 18. b4 Nd5 19. a3 Ba6 20. Ne5 bxc5 21. Qxc5 f6 22. Nf3 Be2 23. Re1 Bxf3 24. Bxf3 Kf7 25. Rac1 Qd7 26. Re2 Rfe8 27. Rec2 Rc7 28. b5 Rec8 29. bxc6 Rxc6 30. Qb5 a6 31. Qa4 1-0

[Event "Nikaia op 11th"]
[Site "Nikaia"]
[Date "2003.08.21"]
[Round "6"]
[White "Zamit, Spyridon"]
[Black "Zhelovaga, Y."]
[Result "0-1"]
[WhiteElo "2111"]
[BlackElo "1800"]
[PlyCount "42"]
[EventDate "2003.08.17"]
[EventType "swiss"]
[EventRounds "9"]
[EventCountry "GRE"]
[SourceTitle "EXT 2005"]
[Source "ChessBase"]
[SourceDate "2004.11.15"]
[SourceVersion "1"]
[SourceVersionDate "2004.11.15"]
[SourceQuality "1"]

1. e4 e5 2. Nf3 Nc6 3. Bc4 Bc5 4. c3 Nf6 5. d3 d6 6. b4 Bb6 7. a4 a6 8. a5 Ba7 9. Bg5 0-0 10. 0-0 Be6 11. Nbd2 h6 12. Be3 Bb8 13. Bxe6 fxe6 14. d4 Ng4 15. d5 exd5 16. exd5 Ne7 17. Nc4 Nf6 18. Ncxe5 dxe5 19. c4 c6 20. Bb6 Qd7 21. Bc5 cxd5 0-1

[Event "Attica-ch op"]
[Site "Attica"]
[Date "2003.05.12"]
[Round "4"]
[White "Zenelis, Konstantinos"]
[Black "Zamit, Spyridon"]
[Result "1/2-1/2"]
[WhiteElo "2055"]
[BlackElo "2102"]
[PlyCount "105"]
[EventDate "2003.05.??"]
[EventType "swiss"]
[EventRounds "9"]
[EventCountry "GRE"]
[SourceTitle "EXT 2005"]
[Source "ChessBase"]
[SourceDate "2004.11.15"]
[SourceVersion "1"]
[SourceVersionDate "2004.11.15"]
[SourceQuality "1"]

1. e4 e6 2. d4 d5 3. e5 c5 4. c3 Nc6 5. Be3 Bd7 6. Nf3 cxd4 7. cxd4 Rc8 8. Nc3 f6 9. exf6 Nxf6 10. Bd3 Bd6 11. 0-0 0-0 12. Rc1 a6 13. Bg5 h6 14. Bh4 Bf4 15. Rb1 Be8 16. Bg3 Nh5 17. Re1 Qd7 18. Na4 Qe7 19. Qe2 Nb4 20. Nc5 Nxd3 21. Nxd3 Bg6 22. Rbd1 Be4 23. Nfe5 Nxg3 24. hxg3 Bxe5 25. Nxe5 Rc2 26. Rd2 Rfc8 27. Nd3 Bxd3 28. Qxd3 R2c6 29. Rde2 Qf6 30. Qe3 R8c7 31. Qf4 Qxf4 32. gxf4 Kf7 33. b3 Rc2 34. g3 Rxe2 35. Rxe2 Rc1+ 36. Kg2 Rd1 37. Rc2 Rxd4 38. Rc7+ Kf6 39. Rxb7 Rd2 40. a4 g5 41. fxg5+ hxg5 42. Rb6 Rb2 43. Rxa6 Rxb3 44. Ra8 Ra3 45. Rf8+ Ke5 46. Rg8 Kf5 47. Rf8+ Ke4 48. Rg8 d4 49. Rxg5 d3 50. Rg4+ Kd5 51. Kf3 e5 52. Ke3 e4 53. f3 1/2-1/2

[Event "Nikaia op 10th"]
[Site "Nikaia"]
[Date "2002.08.24"]
[Round "6"]
[White "Dimitriou, Georgios"]
[Black "Zamit, Spyridon"]
[Result "1-0"]
[WhiteElo "2249"]
[BlackElo "2094"]
[PlyCount "39"]
[EventDate "2002.08.19"]
[EventType "swiss"]
[EventRounds "9"]
[EventCountry "GRE"]
[SourceTitle "CBM 089 Extra"]
[Source "ChessBase"]
[SourceDate "2002.09.10"]
[SourceVersion "2"]
[SourceVersionDate "2002.09.10"]
[SourceQuality "1"]

1. Nf3 d5 2. c4 e6 3. g3 Nf6 4. Bg2 c6 5. b3 Be7 6. 0-0 0-0 7. Bb2 Nbd7 8. d4 Re8 9. Nbd2 c5 10. e3 b6 11. Ne5 Bb7 12. Ndf3 h6 13. Nxd7 Nxd7 14. Ne5 Nxe5 15. dxe5 Qc7 16. cxd5 exd5 17. Bxd5 Rad8 18. e4 Bf8 19. Qf3 g6 20. e6 1-0

[Event "Ikaros op"]
[Site "Ikaros"]
[Date "2000.03.17"]
[Round "2.5"]
[White "Zamit, Spyridon"]
[Black "Spyropoulos, Panagiotis"]
[Result "0-1"]
[WhiteElo "2105"]
[BlackElo "2107"]
[PlyCount "56"]
[EventDate "2000.??.??"]
[EventType "swiss"]
[EventRounds "5"]
[EventCountry "GRE"]
[SourceTitle "EXT 2004"]
[Source "ChessBase"]
[SourceDate "2003.11.25"]
[SourceVersion "1"]
[SourceVersionDate "2003.11.25"]
[SourceQuality "1"]

1. e4 e5 2. Nf3 Nc6 3. Bc4 Bc5 4. c3 Nf6 5. d3 d6 6. Bg5 0-0 7. b4 Bb6 8. a4 a6 9. 0-0 h6 10. Bh4 g5 11. Bg3 Bg4 12. Nbd2 Nh5 13. a5 Ba7 14. Nb3 Nxg3 15. hxg3 Qf6 16. b5 axb5 17. Bxb5 Ne7 18. Nbd2 h5 19. Qa4 c6 20. Bc4 h4 21. gxh4 gxh4 22. d4 Bxf3 23. Nxf3 h3 24. Be2 hxg2 25. Rfb1 Qh6 26. Kxg2 Kh7 27. Rh1 Rg8+ 28. Ng5+ Rxg5+ 0-1

[Event "Korinthos op 3rd"]
[Site "Korinthos"]
[Date "1999.07.25"]
[Round "2"]
[White "Zamit, Spyridon"]
[Black "Nikolaidis, Konstantinos"]
[Result "0-1"]
[WhiteElo "2098"]
[BlackElo "2383"]
[PlyCount "92"]
[EventDate "1999.07.27"]
[EventType "swiss"]
[EventRounds "9"]
[EventCountry "GRE"]
[SourceTitle "EXT 2000"]
[Source "ChessBase"]
[SourceDate "1999.11.16"]
[SourceVersion "1"]
[SourceVersionDate "1999.11.16"]
[SourceQuality "1"]

1. e4 c5 2. Nf3 Nc6 3. d4 cxd4 4. Nxd4 Nf6 5. Nc3 e5 6. Ndb5 d6 7. Bg5 a6 8. Na3 b5 9. Nd5 Be7 10. Bxf6 Bxf6 11. c3 Rb8 12. Nc2 Bg5 13. Be2 0-0 14. 0-0 a5 15. a3 Be6 16. Re1 g6 17. Bf3 Kh8 18. Qd3 f5 19. Rad1 Qd7 20. Nce3 Qf7 21. Re2 Bd8 22. Red2 Rg8 23. Qe2 f4 24. Ng4 Kg7 25. h3 h5 26. Nh2 Kh6 27. a4 bxa4 28. Ra1 Bd7 29. Qd1 Ne7 30. Be2 Nxd5 31. Bc4 Qe7 32. Bxd5 Rf8 33. Bc4 Bc7 34. Qe2 Bb6 35. Nf3 g5 36. Rad1 Bc5 37. Ne1 Rf6 38. Nd3 Ba7 39. Kh2 g4 40. f3 Be3 41. Rc2 Rg6 42. Qf1 gxh3 43. gxh3 Rg3 44. Nf2 Rb6 45. Nh1 Qh4 46. Nxg3 fxg3+ 0-1

[Event "Heraklion ESSNA op"]
[Site "Heraklion"]
[Date "1998.??.??"]
[Round "7"]
[White "Gogolis, Alexandros"]
[Black "Zamit, Spyridon"]
[Result "0-1"]
[WhiteElo "2285"]
[BlackElo "2065"]
[PlyCount "90"]
[EventDate "1998.??.??"]
[EventType "swiss"]
[EventRounds "9"]
[EventCountry "GRE"]
[SourceTitle "EXT 2004"]
[Source "ChessBase"]
[SourceDate "2003.11.25"]
[SourceVersion "1"]
[SourceVersionDate "2003.11.25"]
[SourceQuality "1"]

1. Nf3 Nf6 2. d4 d5 3. Bf4 Bf5 4. Nbd2 e6 5. c3 Nbd7 6. Qb3 Nb6 7. a4 a5 8. e3 Be7 9. Be2 0-0 10. 0-0 Nh5 11. Rfe1 Nxf4 12. exf4 c5 13. Bf1 Qc7 14. g3 c4 15. Qd1 Bg4 16. h3 Bxf3 17. Nxf3 Nd7 18. f5 Ra6 19. Qc2 Bf6 20. fxe6 Rxe6 21. h4 Rfe8 22. Rxe6 Rxe6 23. Bh3 Re7 24. Bxd7 Qxd7 25. Re1 Rxe1+ 26. Nxe1 b5 27. axb5 Qxb5 28. Ng2 g6 29. Ne3 Bg7 30. Kf1 Bxd4 31. Qd2 Bxe3 32. fxe3 h5 33. Ke1 Qd7 34. Qf2 Qg4 35. Kd2 Qe4 36. Kc1 Kg7 37. Qd2 f6 38. Qf2 g5 39. hxg5 fxg5 40. Qg1 Kg6 41. Qf2 a4 42. Qe2 Qd3 43. Qe1 Kf5 44. Qg1 a3 45. g4+ hxg4 0-1

[Event "Athens op"]
[Site "Athens"]
[Date "1997.??.??"]
[Round "5"]
[White "Eftimakis, Dimitros"]
[Black "Zamit, Spyridon"]
[Result "1/2-1/2"]
[WhiteElo "2120"]
[BlackElo "2210"]
[PlyCount "118"]
[EventDate "1997.??.??"]
[EventType "swiss"]
[EventRounds "9"]
[EventCountry "GRE"]
[SourceTitle "EXT 2004"]
[Source "ChessBase"]
[SourceDate "2003.11.25"]
[SourceVersion "1"]
[SourceVersionDate "2003.11.25"]
[SourceQuality "1"]

1. b4 e5 2. Bb2 Bxb4 3. Bxe5 Nf6 4. Nf3 Nc6 5. Bb2 d5 6. e3 0-0 7. Be2 Re8 8. 0-0 Bf5 9. a3 Bd6 10. c4 Ne5 11. cxd5 Nxd5 12. Nxe5 Bxe5 13. Bxe5 Rxe5 14. d4 Re6 15. Bf3 Be4 16. Bxe4 Rxe4 17. Nd2 Re6 18. Re1 c6 19. Qb3 Qb6 20. Qd3 Rd8 21. Rab1 Qc7 22. Rec1 Qe7 23. Nf1 g6 24. Qb3 Rd7 25. Nd2 Kg7 26. Nc4 f6 27. Na5 Nb6 28. a4 f5 29. Qa2 f4 30. exf4 Rxd4 31. Qa1 Qf6 32. Nxb7 Rxa4 33. Qxf6+ Rxf6 34. g3 Ra2 35. h4 Re6 36. Re1 Rxe1+ 37. Rxe1 Nd5 38. Nd8 Nb4 39. Rd1 a5 40. Rd7+ Kg8 41. g4 Ra3 42. Ne6 Nd5 43. Rg7+ Kh8 44. Rf7 h6 45. Kg2 Rb3 46. Rf8+ Kh7 47. g5 hxg5 48. Nxg5+ Kg7 49. Ne6+ Kh7 50. Rf7+ Kh8 51. Ra7 Ra3 52. f3 Ne3+ 53. Kh3 Ra1 54. Nd4 c5 55. Nb3 Rh1+ 56. Kg3 c4 57. Nd4 Rd1 58. Kf2 Rxd4 59. Kxe3 Rd3+ 1/2-1/2

[Event "Athens op"]
[Site "Athens"]
[Date "1997.??.??"]
[Round "1"]
[White "Tzermiadianos, Andreas"]
[Black "Zamit, Spyridon"]
[Result "1-0"]
[WhiteElo "2370"]
[BlackElo "2210"]
[PlyCount "67"]
[EventDate "1997.??.??"]
[EventType "swiss"]
[EventRounds "9"]
[EventCountry "GRE"]
[SourceTitle "EXT 2004"]
[Source "ChessBase"]
[SourceDate "2003.11.25"]
[SourceVersion "1"]
[SourceVersionDate "2003.11.25"]
[SourceQuality "1"]

1. e4 e6 2. d4 d5 3. Nd2 dxe4 4. Nxe4 Nd7 5. Nf3 Be7 6. Bd3 Ngf6 7. Nxf6+ Nxf6 8. Qe2 c5 9. dxc5 Qa5+ 10. Bd2 Qxc5 11. 0-0 0-0 12. b4 Qh5 13. c4 b6 14. Rac1 Rd8 15. Rfd1 Bb7 16. Ne5 Qxe2 17. Bxe2 Rac8 18. a3 Ne4 19. Be1 f6 20. Nd3 Kf7 21. f3 Nd6 22. c5 Nf5 23. Bf2 Nd4 24. Bf1 e5 25. cxb6 axb6 26. Nb2 Rxc1 27. Rxc1 Bd5 28. Na4 Rd6 29. Nb2 Ke6 30. Bd3 g6 31. Kf1 f5 32. Re1 Nb3 33. Nc4 Rc6 34. Rxe5+ 1-0

[Event "Ano Liosia op"]
[Site "Athens"]
[Date "1997.??.??"]
[Round "4"]
[White "Zamit, Spyridon"]
[Black "Gogolis, Alexandros"]
[Result "0-1"]
[WhiteElo "2210"]
[BlackElo "2280"]
[PlyCount "98"]
[EventDate "1997.01.??"]
[EventType "swiss"]
[EventRounds "9"]
[EventCountry "GRE"]
[SourceTitle "EXT 1998"]
[Source "ChessBase"]
[SourceDate "1997.11.17"]
[SourceVersion "1"]
[SourceVersionDate "1997.11.17"]
[SourceQuality "1"]

1. e4 c5 2. Nf3 Nc6 3. d4 cxd4 4. Nxd4 g6 5. c4 Nf6 6. Nc3 Nxd4 7. Qxd4 d6 8. Be3 Bg7 9. f3 0-0 10. Qd2 Be6 11. Be2 Rc8 12. Nd5 Nd7 13. 0-0 a5 14. Rac1 Nc5 15. Rfd1 Bxd5 16. cxd5 Qb6 17. b3 Rc7 18. g3 Rfc8 19. Kg2 Qb4 20. Rc4 Qxd2 21. Rxd2 b5 22. Rc1 b4 23. Bxc5 Rxc5 24. Rxc5 Rxc5 25. Bc4 Kf8 26. f4 Ke8 27. Kf3 Kd7 28. g4 Kc7 29. g5 Kb6 30. Ke3 f6 31. h4 Rc8 32. f5 Rf8 33. Bd3 Rc8 34. Bc4 a4 35. Rg2 fxg5 36. hxg5 Be5 37. Rg1 a3 38. Rc1 Bc3 39. Kd3 Rg8 40. Rg1 Be5 41. Ke3 Kc5 42. Kf3 Kd4 43. Rg2 Rf8 44. Ke2 Rc8 45. Kd2 Bf4+ 46. Ke2 Be5 47. Kd2 Kxe4 48. fxg6 hxg6 49. Bd3+ Kf3 0-1

[Event "Ano Liosia op"]
[Site "Athens"]
[Date "1997.??.??"]
[Round "2"]
[White "Zamit, Spyridon"]
[Black "Shahtahtinsky, Alekper"]
[Result "0-1"]
[WhiteElo "2210"]
[BlackElo "2325"]
[PlyCount "48"]
[EventDate "1997.01.??"]
[EventType "swiss"]
[EventRounds "9"]
[EventCountry "GRE"]
[SourceTitle "EXT 1998"]
[Source "ChessBase"]
[SourceDate "1997.11.17"]
[SourceVersion "1"]
[SourceVersionDate "1997.11.17"]
[SourceQuality "1"]

1. e4 c5 2. Nf3 g6 3. d4 Bg7 4. dxc5 Qa5+ 5. c3 Qxc5 6. Be3 Qc7 7. Bd3 Nf6 8. h3 Nc6 9. Nbd2 d5 10. Qb3 dxe4 11. Nxe4 Nxe4 12. Bxe4 Be6 13. Qa4 0-0 14. 0-0 a6 15. Nd4 Nxd4 16. Bxd4 Bxd4 17. Qxd4 Rfd8 18. Qb4 a5 19. Qa3 Rd2 20. Rfd1 Rad8 21. Bf3 Qb6 22. Rxd2 Rxd2 23. Rf1 Bc4 24. Rd1 Qxf2+ 0-1